Finanzierung von Parteien in ausgewählten Ländern der Europäischen Union - Entwicklung, Analyse und Optimierungsvorschläge diplomová práca

Saved in:
Bibliographic Details
Main Author: Perejdová, Simona
Corporate Authors: Ekonomická univerzita v Bratislave. Fakulta hospodárskej informatiky, Martin-Luther-Universität Halle-Wittenberg
Other Authors: Sicherer, Klaus von
Format: Book
Language:German
Published: Bratislava 2017
Tags: Add Tag
No Tags, Be the first to tag this record!

MARC

LEADER 00000nbm a2200000 4500
001 0236144
005 20240918085906.1
041 0 |a ger 
044 |a SK 
245 1 0 |a Finanzierung von Parteien in ausgewählten Ländern der Europäischen Union - Entwicklung, Analyse und Optimierungsvorschläge  |b diplomová práca  |c Simona Perejdová ; školiteľ: Klaus von Sicherer 
264 1 |a Bratislava  |c 2017 
300 |a 70 s. 
100 1 |a Perejdová, Simona 
700 1 |a Sicherer, Klaus von 
710 2 |a Ekonomická univerzita v Bratislave. Fakulta hospodárskej informatiky 
710 2 |a Martin-Luther-Universität Halle-Wittenberg